Strategic management in the aviation industry
Αποθηκεύτηκε σε:
| Άλλοι συγγραφείς: | |
|---|---|
| Μορφή: | Βιβλίο |
| Γλώσσα: | English |
| Δημοσίευση: |
[Cologne] :
Ashgate,
c2005
|
| Θέματα: | |
| Ετικέτες: |
Προσθήκη ετικέτας
Δεν υπάρχουν, Καταχωρήστε ετικέτα πρώτοι!
|
MARC
| LEADER | 00000nam a2200000 i 4500 | ||
|---|---|---|---|
| 001 | 1/83153 | ||
| 008 | 080418r2005 eng d | ||
| 020 | |a 978-0-7546-4567-2 | ||
| 020 | |a 0-7546-4567-3 | ||
| 035 | |l 10096856 | ||
| 040 | |a GR-MY-UA |b gre |e aacr | ||
| 041 | 0 | |a eng | |
| 082 | 0 | |a 387.70684 |2 (22) | |
| 245 | 1 | 0 | |a Strategic management in the aviation industry / |c edited by Werner Delfmann ... [et al.]. |
| 260 | |a [Cologne] : |b Ashgate, |c c2005 | ||
| 300 | |a xvi, 672 σ.; |b εικ., χάρτες; |c 24 εκ. | ||
| 500 | |a Το Παράρτημα της Χίου διαθέτει την ανατύπωση, 2006 | ||
| 504 | |a Περιλαμβάνει βιβλιογραφικές παραπομπές και ευρετήριο | ||
| 650 | 0 | 0 | |a Aircraft industry |x Management. |
| 700 | 1 | |a Delfmann, Werner. |4 edt | |
| 852 | |a INST |b CHIOS |e 20080418 |h 387.70684 STR |p 005200027384 |q 005200027384 |t BK |y 0 | ||
| 901 | |a BIBL2-2008-1 | ||
| 909 | |a Χ |b 151792 | ||
| 922 | |a 2ΕΛΗ |b 200803 |c ΕΠΕΑΕΚ2/ΤΝΕΥ |d ΕΛΕΥΘΕΡΟΥΔΑΚΗΣ | ||
| 970 | |a ΒΑΡΦΗΣ |b ΒΑΓΓΕΛΗΣ |z 2008/04/18 | ||